| 000 | 00939nam a22002417a 4500 | ||
|---|---|---|---|
| 003 | BD-DhSAU | ||
| 005 | 20211018113318.0 | ||
| 008 | 210929b |||||||| |||| 00| 0 eng d | ||
| 040 | _aBD-DhSAU | ||
| 082 |
_222 _a634.9 _bM2788 |
||
| 100 |
_aMAHMUD, S.M. ASHIF _eRegistration No.:# 13-05742 |
||
| 245 |
_aDrought induced changes on growth and yield of
different tomato (solanum lycopersicum l.) varieties /
_bMs Thesis |
||
| 260 |
_aSher-e-Bangla Agricultural University Dhaka 1207; _bDepartment of Agroforesty and Environmental Science; _c2020; |
||
| 300 |
_aix; _b63p.; _c30cm.; |
||
| 500 | _aIncluding Index.; | ||
| 590 | _anazmul | ||
| 600 | _qinduced changes | ||
| 610 | _atomato (solanum lycopersicum l.) | ||
| 700 |
_aDr. Jubayer-Al-Mahmud _eSupervisor |
||
| 710 |
_aDr. Nazmun Naher _eCo-Supervisor |
||
| 856 |
_yOnline Access _uhttp://archive.saulibrary.edu.bd:8080/xmlui/handle/123456789/3447 |
||
| 942 |
_2ddc _cTHESIS |
||
| 999 |
_c15563 _d15562 |
||